Managing Director's Statement to the Development Committee.

A Statement from the Managing Director of the International Monetary Fund, Rodrigo de Rato, for the Committee's seventy-third meeting to be held in Washington, D.C., on Sunday, April 23, 2006.

Detaylı Bibliyografya
Müşterek Yazar: International Monetary Fund
Materyal Türü: Dergi
Dil:English
Baskı/Yayın Bilgisi: Washington, D.C. : International Monetary Fund, 2006.
Seri Bilgileri:Policy Papers; Policy Paper ; No. 2006/023
Online Erişim:Full text available on IMF
LEADER 01212cas a2200241 a 4500
001 AALejournalIMF019643
008 230101c9999 xx r poo 0 0eng d
020 |c 5.00 USD 
020 |z 9781498332644 
022 |a 2663-3493 
040 |a BD-DhAAL  |c BD-DhAAL 
110 2 |a International Monetary Fund. 
245 1 0 |a Managing Director's Statement to the Development Committee. 
264 1 |a Washington, D.C. :  |b International Monetary Fund,  |c 2006. 
300 |a 1 online resource (11 pages) 
490 1 |a Policy Papers 
500 |a <strong>Off-Campus Access:</strong> No User ID or Password Required 
500 |a <strong>On-Campus Access:</strong> No User ID or Password Required 
506 |a Electronic access restricted to authorized BRAC University faculty, staff and students 
520 3 |a A Statement from the Managing Director of the International Monetary Fund, Rodrigo de Rato, for the Committee's seventy-third meeting to be held in Washington, D.C., on Sunday, April 23, 2006. 
538 |a Mode of access: Internet 
830 0 |a Policy Papers; Policy Paper ;  |v No. 2006/023 
856 4 0 |z Full text available on IMF  |u http://elibrary.imf.org/view/journals/007/2006/023/007.2006.issue-023-en.xml  |z IMF e-Library